[Event "32nd Reykjavik Open 2017"]
[Site "Reykjavik"]
[Date "2017.04.22"]
[Round "5"]
[White "Le Goff, Damien"]
[Black "Esserman, Marc"]
[Result "0-1"]
[WhiteElo "2278"]
[BlackElo "2458"]
[Annotator "TA"]
[PlyCount "64"]
[EventDate "2017.??.??"]
[EventType "swiss"]
[EventCountry "ISL"]
[SourceTitle "playchess.com"]
[Source "ChessBase"]
[SourceQuality "1"]

{[%evp 19,64,27,26,24,23,0,4,-11,0,-24,-4,-7,4,-50,-49,-95,-87,-88,-27,-208,-75,-358,-358,-348,-339,-334,-339,-392,-383,-391,-395,-479,-465,-486,-487,-466,-472,-607,-597,-824,-760,-743,-788,-787,-780,-754,-746]} 1. Nf3 Nf6 2. g3 g6 3. Bg2 Bg7 4. O-O O-O 5. d4 d6 6. a4 a5 7. Re1 {A49: 1 d4 Nf6 2 Nf3 g6 3 g3: Anti-King's Indian systems} c6 (7... Nbd7 8. e4 e5 9. Nc3 Re8 10. h3 c6 11. Be3 exd4 12. Bxd4 Qc7 13. Qd2 Ne5 14. Nh2 Nc4 15. Qg5 Qd8 16. Na2 h6 17. Qc1 c5 18. Bc3 Nb6 19. b3 d5 20. exd5 Nbxd5 {½-½ (39) Rapport,R (2720)-Mamedyarov,S (2747) Reykjavik 2016}) 8. e4 Qc7 9. h3 e5 10. Nc3 Na6 $146 {LiveBook: 4 Games} (10... Re8 11. Be3 Nbd7 12. Qd2 Rb8 13. Rad1 b5 14. axb5 cxb5 15. dxe5 b4 16. Nb5 Rxb5 17. exf6 Nxf6 18. Nd4 Rc5 19. Qd3 Bd7 20. f4 {0-1 (31) Dounis,A (2190)-Shavtvaladze,N (2386) Aghios Kirykos 2007}) 11. b3 Re8 12. Ba3 Nb4 13. Qd2 Be6 14. Na2 Nxa2 15. Rxa2 Rad8 16. Bb2 (16. Raa1 $11) 16... d5 $15 17. exd5 Nxd5 18. Raa1 {[%cal Rf3e5]} ({Don't take} 18. Nxe5 $2 Nb4 19. Nxf7 Qxf7 $19) 18... exd4 ({Black should play} 18... Ne7 $17) 19. Bxd4 $2 {[#]} (19. Nxd4 $11 {and White has nothing to worry.} Nb4 20. c3) 19... Nb4 (19... Ne7 $1 $19 {[%cal Re7f5] is more deadly. Threatens to win with ...Nf5.} 20. Qc3 {[#]} Rxd4 $1 {[%mdl 512]} 21. Nxd4 Qb6) 20. Rad1 $2 {[%mdl 8192]} (20. c3 $17 {only move.} c5 21. cxb4 cxd4 22. Rac1) 20... c5 $19 21. Qc3 Rxd4 22. Nxd4 {And now Nb5 would win.} Qb6 ({Weaker is} 22... Bxd4 23. Rxd4 Na2 24. Qc4 Bxc4 25. Rxe8+ Kg7 26. Rxc4 $14) 23. Qf3 cxd4 24. Re2 Rc8 25. Qe4 Nd5 {Black is clearly winning.} 26. Qxd5 Bxd5 27. Bxd5 Bf6 28. Rde1 Rc3 29. Re8+ Kg7 30. Be4 d3 31. Bxd3 {[#]} Rxd3 $1 32. cxd3 Bd4 0-1

[Event "32nd Reykjavik Open 2017"]
[Site "Reykjavik"]
[Date "2017.04.23"]
[Round "6"]
[White "Giri, Anish"]
[Black "Grandelius, Nils"]
[Result "1/2-1/2"]
[WhiteElo "2771"]
[BlackElo "2641"]
[Annotator "TA"]
[PlyCount "134"]
[EventDate "2017.??.??"]
[EventType "swiss"]
[EventCountry "ISL"]
[SourceTitle "playchess.com"]
[Source "ChessBase"]
[SourceQuality "1"]

{[%evp 15,134,28,18,20,18,11,20,20,17,15,12,16,19,14,19,12,14,11,15,14,16,10,25,17,26,22,28,26,40,28,41,39,62,56,62,62,43,15,15,10,14,15,17,10,12,14,13,6,28,28,68,62,62,56,65,58,65,60,83,56,60,60,61,64,70,34,34,34,34,12,12,12,12,12,12,12,12,12,12,12,12,12,12,12,12,12,18,18,18,18,18,18,18,8,8,8,8,8,8,8,8,8,8,8,8,8,8,8,8,8,8,8,8,0,8,8,8,8,8,8,11]} 1. Nf3 d5 2. g3 g6 3. Bg2 Bg7 4. d4 Nf6 5. O-O O-O 6. c4 dxc4 7. Na3 c5 8. dxc5 c3 {LiveBook: 5 Games. D77: Fianchetto Grünfeld: 6 0-0: Replies other than 6...c6} 9. Nb5 Na6 {[%cal Bb8a6,Ba6c5,Bc5e4][%mdl 32]} (9... cxb2 10. Bxb2 Bd7 11. Qb3 Bc6 12. Rfd1 Qc8 13. Rac1 Nbd7 14. Nbd4 Bd5 15. Qa3 Re8 16. c6 {1-0 (28) Kramnik,V (2809)-Topalov,V (2760) London 2016}) 10. Nxc3 Nxc5 11. Be3 {[#] And now Qxd8 would win.} Nfe4 12. Nxe4 Nxe4 13. Bd4 $146 (13. Qa4 Nd6 14. Rad1 Bd7 15. Qb4 a5 16. Qf4 {½-½ (26) Pirc,V-Pilnik,H Mar del Plata 1950}) 13... Bxd4 14. Qxd4 Qxd4 15. Nxd4 Nd6 16. Rfc1 Rd8 17. f4 Kf8 18. Kf2 Rb8 19. Rc5 Ne4+ 20. Bxe4 Rxd4 21. Ke3 Rb4 22. b3 Be6 23. Rac1 b6 24. Rc7 a5 25. Ra7 a4 26. Rxa4 (26. bxa4 $5 {creates asymmetry.} Bxa2 27. Rcc7 e5 28. f5 Kg7 29. a5) 26... Rxa4 27. bxa4 {Strongly threatening Rb1.} Bxa2 $14 {[%mdl 4096] Endgame KRB-KRB} 28. Rc7 Rd8 29. Bc6 Rd6 30. Bb5 f6 31. g4 Be6 32. g5 fxg5 33. fxg5 Kf7 34. h4 Bb3 35. Rb7 Bd5 36. Rb8 Kg7 37. Re8 Kf7 $1 38. Rc8 Kg7 39. Rc7 Kf7 40. Kf4 Re6 $1 41. Bd3 Rc6 42. Rxc6 (42. Rd7 $5 {with more complications.} Bb3 43. Rd4 Be6 44. Rb4 Kg7 45. e4) 42... Bxc6 {KB-KB. The position is equal.} 43. Bc4+ e6 44. Bb3 Ke7 45. Ke5 Bd7 46. e4 {[%cal Be2e4,Be4e5][%mdl 32]} Bc6 47. Kd4 Kd6 48. e5+ Kd7 49. Kc3 Bf3 50. Bc4 Bg4 51. Bb5+ Kd8 52. Kb4 Bf5 53. Be2 Kc7 54. h5 gxh5 55. Bxh5 Kc6 56. Bf3+ Kc7 57. Kc3 Kd7 58. Be2 Kc6 59. Kd4 Kd7 60. Bb5+ Kd8 61. Kc4 Kc7 62. Kb4 Kb7 63. Be2 Kc6 64. Bf3+ Kc7 65. Bg2 Kd7 66. Kb5 Kc7 67. Bf1 Kb7 1/2-1/2

[Event "32nd Reykjavik Open 2017"]
[Site "Reykjavik"]
[Date "2017.04.23"]
[Round "6"]
[White "Andreikin, Dmitry"]
[Black "Kunte, Abhijit"]
[Result "1-0"]
[WhiteElo "2734"]
[BlackElo "2491"]
[Annotator "TA"]
[PlyCount "71"]
[EventDate "2017.??.??"]
[EventType "swiss"]
[EventCountry "ISL"]
[SourceTitle "playchess.com"]
[Source "ChessBase"]
[SourceQuality "1"]

{[%evp 8,71,15,-9,14,2,20,-2,34,34,34,33,27,31,31,31,38,39,34,29,66,61,60,56,75,51,56,37,87,83,115,109,120,125,145,150,126,142,139,137,147,106,87,77,85,90,110,104,93,40,101,102,232,231,213,206,258,244,287,265,381,378,681,681,667,667]} 1. Nf3 Nf6 2. g3 d5 3. Bg2 c6 4. c4 g6 5. Qa4 e6 {A11: English Opening: 1...c6} (5... Nbd7 6. cxd5 Nb6 7. Qc2 cxd5 8. d3 Bg7 9. O-O O-O 10. Nc3 Bg4 11. Qb3 d4 12. Nb5 Ne8 13. Bd2 Be6 {½-½ (37) Almasi,Z (2694)-Van Wely,L (2650) Linares 2014}) 6. d4 Bg7 7. Qa3 $146 (7. O-O O-O 8. Qc2 b6 9. b3 a5 10. Nbd2 Na6 11. Bb2 Bb7 12. Rac1 Qe7 13. Rfd1 Rfd8 14. Bc3 Nd7 15. Qb2 {1-0 (36) Zubarev,A (2556)-Gritsak,O (2497) Lutsk 2016}) 7... Qe7 {The position is equal.} 8. Qxe7+ Kxe7 9. b3 Rd8 10. Ba3+ Ke8 11. Nc3 (11. Nbd2 $5 {seems wilder.} b6 12. Ne5 Bb7 13. cxd5 cxd5 14. Rc1) 11... Bf8 12. Bxf8 Kxf8 13. O-O Bd7 14. Ne5 Be8 15. e3 Na6 16. f4 Rac8 17. g4 {[%cal Bg3g4,Bg4f5][%mdl 32]} c5 18. f5 $36 {[%mdl 2048] Keeping Black busy.} gxf5 19. gxf5 Ke7 20. Rf4 {And now Raf1 would win.} cxd4 21. exd4 Nh5 22. f6+ Nxf6 23. Raf1 Ne4 24. Nxe4 dxe4 25. Rxe4 {Black must now prevent Rh4.} (25. Nxf7 $6 Rxd4 26. Ng5 Nc5 $11) 25... f6 26. Nf3 Bg6 27. Re3 Nc7 28. Bh3 ({White should play} 28. Kh1 $16) 28... Rg8 ({Better is} 28... Rd6 $1 $14) 29. Kf2 $16 Rcd8 {[#]} (29... Rce8 $16 {keeps fighting.}) 30. Bxe6 $1 $18 {[%mdl 512]} Nxe6 31. d5 Rd6 32. Nd4 (32. Rxe6+ Rxe6 33. dxe6 Kxe6 $11) 32... Ra6 33. a4 ({Less strong is} 33. Nxe6 Rxa2+ 34. Re2 Rxe2+ 35. Kxe2 Bf7 $14) (33. Rxe6+ $6 Rxe6 34. Nxe6 Bf5 $16) 33... Kd6 (33... Bf7 $142 34. Rfe1 (34. dxe6 Bg6 $16) (34. Nxe6 Bxe6 35. Rfe1 Rg6 36. Rxe6+ Rxe6 37. Rxe6+ Kd7 $18) 34... Rg4) 34. Nxe6 ({Much less strong is} 34. Rxe6+ Kd7 35. Re3 Re8 36. Rxe8 Bxe8 $18) 34... Bf5 $2 (34... Bf7 35. Ke2 Rg2+ 36. Kd3 Bg6+ 37. Kd4 Rd2+ 38. Kc3 Rc2+ 39. Kb4 f5) 35. c5+ Kd7 {[%cal Rf5e6]} 36. Nd4 1-0

[Event "32nd Reykjavik Open 2017"]
[Site "Reykjavik"]
[Date "2017.04.23"]
[Round "6"]
[White "Shirov, Alexei"]
[Black "Ris, Robert"]
[Result "1/2-1/2"]
[WhiteElo "2693"]
[BlackElo "2419"]
[Annotator "TA"]
[PlyCount "59"]
[EventDate "2017.??.??"]
[EventType "swiss"]
[EventCountry "ISL"]
[SourceTitle "playchess.com"]
[Source "ChessBase"]
[SourceQuality "1"]

{[%evp 7,59,43,43,40,39,41,44,34,48,36,56,41,48,42,56,58,54,0,0,-42,-36,-45,-20,-47,-45,-47,-28,-20,-24,-52,-68,-76,-74,-76,-14,-14,-14,-15,-16,-17,-19,-19,-20,-38,-36,-38,0,0,0,0,0,-56,0,0]} 1. d4 d5 2. c4 dxc4 3. e4 b5 4. a4 c6 5. axb5 {D20: Queen's Gambit Accepted: 3 e3 and 3 e4} cxb5 6. Nc3 a6 {[#]} 7. Nxb5 $1 {[%mdl 512] White is slightly better.} axb5 8. Rxa8 Bb7 9. Ra2 e6 10. f3 (10. Qh5 Qb6 11. Qd1 Nc6 $15) (10. Ne2 Bxe4 11. b3 Nf6 12. bxc4 bxc4 {½-½ (45) Ding,L (2766)-Ponomariov,R (2712) Huaian 2016}) 10... f5 $146 (10... Nc6 11. Ne2 Bb4+ 12. Bd2 Nge7 {0-1 (34) Hambleton,A (2446)-Ganguly,S (2625) Edmonton 2015}) 11. exf5 Nc6 {[%cal Bb8c6,Bc6d4,Bd4e2][%mdl 32]} 12. Ne2 ({Better is} 12. fxe6 $14 Bb4+ 13. Bd2 (13. Kf2 Nf6 $16)) 12... Nge7 $11 13. Bg5 {Black must now prevent b3.} (13. fxe6 Nf5 $16) 13... h6 14. Bh4 Qd7 15. Nc3 {fxe6 is the strong threat.} Nxf5 16. Bf2 Ncxd4 17. Be2 {White wants to play g4.} b4 18. O-O bxc3 19. bxc3 {[%cal Rf2d4]} Nxe2+ 20. Qxe2 Bd6 ({Black should try} 20... Qc8 $17 {Strongly threatening ...Be7.} 21. Re1 Bd6 22. Qxe6+ (22. g4 Ne7 23. Qxe6 Qxe6 24. Rxe6 Kd7 $17) 22... Qxe6 23. Rxe6+ Kf7) 21. Ra7 Bb8 $1 {[%cal Rb8a7] [#]} (21... O-O 22. Rb1 Bxh2+ 23. Kxh2 Qd6+ 24. Kh1 $16) 22. Rxb7 $1 {[%mdl 512]} Qxb7 23. Qxe6+ Ne7 {And now ...Qd5 would win.} 24. Re1 $1 Ba7 $1 (24... Qd7 25. Bc5 (25. Qxc4 Ba7 $15) 25... Qxe6 26. Rxe6 $16) 25. Qg6+ (25. Qxc4 Bxf2+ 26. Kxf2 Rf8 $17) (25. Bxa7 Qxa7+ 26. Kf1 Qd7 27. Qxc4 Rf8 $17) 25... Kf8 26. Qd6 {Threatens to win with Qd8+.} Kf7 {Hoping for ...Bxf2+.} 27. Qe6+ $1 Ke8 28. Qg6+ ({Reject} 28. Qxc4 Bxf2+ 29. Kxf2 Rf8 $17) ({Don't play} 28. Bxa7 Qxa7+ 29. Kh1 Qd7 30. Qxc4 Rf8 $17) 28... Kf8 29. Qd6 {aiming for Qd8+.} Kf7 (29... Bxf2+ $15 30. Kxf2 Rh7) 30. Qe6+ $1 1/2-1/2

[Event "32nd Reykjavik Open 2017"]
[Site "Reykjavik"]
[Date "2017.04.23"]
[Round "6"]
[White "Movsesian, Sergei"]
[Black "Hambleton, Aman"]
[Result "1-0"]
[WhiteElo "2677"]
[BlackElo "2434"]
[Annotator "TA"]
[PlyCount "51"]
[EventDate "2017.??.??"]
[EventType "swiss"]
[EventCountry "ISL"]
[SourceTitle "playchess.com"]
[Source "ChessBase"]
[SourceQuality "1"]

{[%evp 19,51,5,15,0,9,-30,34,-6,-22,-23,238,236,245,228,223,232,240,248,281,254,264,269,293,284,303,268,275,232,239,243,304,263,508,503]} 1. e4 c5 2. Nf3 e6 3. d4 cxd4 4. Nxd4 Nc6 5. Nc3 Qc7 6. g3 a6 7. Bg2 Nf6 8. O-O Nxd4 9. Qxd4 Bc5 10. Qd1 {B47: Sicilian: Taimanov: 5 Nc3 Qc7 6 f4, 6 g3 and 6 Be2} (10. Bf4 d6 11. Qd2 h6 12. Rad1 e5 13. Be3 Be6 14. Bxc5 dxc5 15. Nd5 Bxd5 16. exd5 Qd6 17. Rfe1 O-O 18. Bh3 Rfe8 19. c4 b6 20. Re2 Ra7 21. Rde1 {½-½ (82) Vallejo Pons,F (2691)-Ganguly,S (2647) Bangkok 2016}) 10... d6 {LiveBook: 9 Games} 11. Kh1 Bd7 12. a4 $146 {The position is equal.} (12. f4 Bc6 13. Qe2 O-O 14. g4 d5 15. e5 d4 16. exf6 Bxg2+ 17. Qxg2 dxc3 18. fxg7 Kxg7 19. bxc3 {1-0 (68) Campiglia,G (1871)-Marrero,J (1881) Montevideo 2013}) 12... Bc6 (12... h6 $11) 13. Qe2 O-O 14. Bg5 Qe7 $2 {[%mdl 8192]} (14... Bd4 $11 {and Black stays safe.}) 15. e5 $18 Bxg2+ 16. Kxg2 dxe5 {[#]} 17. Ne4 $1 (17. Qxe5 Rfd8 $11) 17... Rfc8 18. Qf3 Qc7 19. Bxf6 ({Not} 19. Nxf6+ gxf6 20. Bxf6 Qc6 $16) 19... gxf6 20. Nxf6+ Kf8 21. Qg4 ({Weaker is} 21. Nxh7+ Kg7 $16) 21... Qc6+ 22. Kg1 Ke7 23. Qh4 Qf3 24. Ne4+ ({Worse is} 24. Nxh7+ f6 $15) 24... Ke8 25. Rad1 Be7 $2 {[#]} (25... h5) 26. Qxh7 1-0

[Event "32nd Reykjavik Open 2017"]
[Site "Reykjavik"]
[Date "2017.04.23"]
[Round "6"]
[White "Jones, Gawain C B"]
[Black "Gupta, Abhijeet"]
[Result "1/2-1/2"]
[WhiteElo "2671"]
[BlackElo "2607"]
[Annotator "TA"]
[PlyCount "38"]
[EventDate "2017.??.??"]
[EventType "swiss"]
[EventCountry "ISL"]
[SourceTitle "playchess.com"]
[Source "ChessBase"]
[SourceQuality "1"]

{[%evp 9,38,15,14,11,28,13,17,20,24,17,25,17,18,33,30,32,39,19,37,18,20,17,33,18,50,27,24,0,51,0,35]} 1. e4 c5 2. Nf3 d6 3. Bb5+ Nd7 4. a4 Ngf6 5. Nc3 e6 {LiveBook: 4 Games. B51: Sicilian: Moscow Variation (3 Bb5+) without 3...Bd7} (5... g6 6. a5 Bg7 7. O-O a6 8. Bc4 O-O 9. d3 Nb8 10. Nd5 Nc6 11. Nb6 Rb8 12. Bd2 Bg4 13. h3 Bxf3 14. Qxf3 {0-1 (46) Carlsen,M (2855)-Topalov,V (2761) Paris 2016}) 6. d4 cxd4 7. Qxd4 Be7 8. O-O O-O 9. a5 $146 (9. h3 h6 10. Be3 a6 11. Bxd7 Bxd7 12. e5 dxe5 13. Nxe5 {0-1 (54) Maghsoodloo,P (2030)-Asgari,M (2300) Zahedan 2012}) 9... a6 10. Be2 e5 11. Qe3 b5 12. axb6 Nxb6 13. Rd1 {Threatening Nxe5!} Qc7 14. b3 Bb7 15. Bb2 Rfe8 16. Bd3 Nbd7 17. Bc4 Nb6 18. Bd3 Nbd7 19. Bc4 Nb6 1/2-1/2

[Event "32nd Reykjavik Open 2017"]
[Site "Reykjavik"]
[Date "2017.04.23"]
[Round "6"]
[White "Vidit, Santosh Gujrathi"]
[Black "Jobava, Baadur"]
[Result "1/2-1/2"]
[WhiteElo "2670"]
[BlackElo "2712"]
[Annotator "TA"]
[PlyCount "60"]
[EventDate "2017.??.??"]
[EventType "swiss"]
[EventCountry "ISL"]
[SourceTitle "playchess.com"]
[Source "ChessBase"]
[SourceQuality "1"]

{[%evp 13,60,24,24,20,15,3,15,9,14,4,26,21,19,0,43,39,43,47,28,28,52,27,27,20,51,42,44,43,44,35,39,40,38,41,37,40,39,37,45,22,22,21,28,16,27,32,38,13,10]} 1. d4 d5 2. c4 c6 3. cxd5 cxd5 4. Bf4 Nc6 5. e3 {D10: Slav Defence: 3 cxd5 (without early Nf3) and 3 Nc3} Bf5 (5... Nf6 6. Nc3 a6 7. Be2 Bf5 8. Nf3 e6 9. Qb3 Bd6 10. Bxd6 Qxd6 11. Qxb7 O-O 12. Qb3 Rfb8 13. Qa3 Qxa3 14. bxa3 Ne4 15. Na4 Na7 16. Ne5 Nb5 {½-½ (103) Vidit,S (2670)-Korobov,A (2695) Dubai 2017}) 6. Nc3 e6 7. Qb3 Bb4 {LiveBook: 4 Games} 8. Bb5 {[#] And now Qxb4 would win.} Bxc3+ 9. Qxc3 $146 (9. bxc3 Nge7 10. Nf3 O-O 11. O-O Na5 12. Qa3 f6 13. Rac1 {0-1 (71) Batchimeg,T (2340)-Girya,O (2450) Khanty-Mansiysk 2014}) 9... Nge7 10. Nf3 Rc8 11. O-O O-O 12. Qa3 Qb6 13. Ba4 {Bd6 is the strong threat.} Ng6 14. Bd6 Rfd8 15. Bc5 $1 {[%cal Rc5b6]} Qa6 16. Rfc1 Bd3 17. Bd1 b6 18. Bd6 Na5 19. Bb4 Nc6 20. Qxa6 Bxa6 21. Bd2 Nce7 22. a4 Rxc1 23. Rxc1 Rc8 24. Rxc8+ Nxc8 25. Bb4 Nge7 26. Nd2 Nc6 27. Ba3 Bd3 28. f3 a5 29. Kf2 f6 30. Ke1 Kf7 1/2-1/2

[Event "32nd Reykjavik Open 2017"]
[Site "Reykjavik"]
[Date "2017.04.23"]
[Round "6"]
[White "Kamsky, Gata"]
[Black "Almasi, Zoltan"]
[Result "1/2-1/2"]
[WhiteElo "2668"]
[BlackElo "2696"]
[Annotator "TA"]
[PlyCount "72"]
[EventDate "2017.??.??"]
[EventType "swiss"]
[EventCountry "ISL"]
[SourceTitle "playchess.com"]
[Source "ChessBase"]
[SourceQuality "1"]

{[%evp 21,72,0,8,0,13,15,23,21,17,0,0,0,0,0,0,0,33,12,29,31,52,36,40,43,58,69,64,72,60,66,51,60,54,55,68,65,73,75,65,69,72,72,104,97,100,31,77,22,50,0,0,0,0]} 1. d4 Nf6 2. Bf4 g6 3. Nf3 Bg7 4. c3 O-O 5. e3 d6 6. h3 c5 7. dxc5 {A48: 1 d4 Nf6 2 Nf3 g6: Torre, London and Colle Systems} dxc5 8. Qxd8 Rxd8 9. Nbd2 Nc6 10. Bc7 Rd7 11. Bh2 Rd8 {LiveBook: 7 Games} 12. a4 Bd7 $146 (12... Bf5 13. g4 Be4 14. Nxe4 Nxe4 {½-½ (33) Kamsky,G (2666)-Gordievsky,D (2562) Moscow 2017}) 13. Be2 Rac8 14. a5 h6 15. O-O Bf5 16. Rfd1 Bc2 17. Rdc1 Bf5 18. Ra4 Bd3 19. Kf1 Bxe2+ 20. Kxe2 Nd7 21. Nc4 b5 22. axb6 $1 Nxb6 23. Nxb6 axb6 24. Ra6 b5 25. Rd1 Rxd1 26. Kxd1 f5 27. Kc2 Kf7 28. Nd2 Nd8 29. Ra5 b4 30. Nc4 bxc3 31. bxc3 Ne6 32. Ra7 {[#] Hoping for Nd6+.} Rd8 33. Nb6 ({Better is} 33. Be5 $16) 33... g5 34. f3 (34. Bc7 $16 Re8 35. g4) 34... Bf6 35. Ra8 Rxa8 36. Nxa8 Nf8 1/2-1/2

[Event "32nd Reykjavik Open 2017"]
[Site "Reykjavik"]
[Date "2017.04.23"]
[Round "6"]
[White "L'Ami, Erwin"]
[Black "Karavade, Eesha"]
[Result "1-0"]
[WhiteElo "2614"]
[BlackElo "2405"]
[Annotator "TA RC"]
[PlyCount "99"]
[EventDate "2017.??.??"]
[EventType "swiss"]
[EventCountry "ISL"]
[SourceTitle "playchess.com"]
[Source "ChessBase"]
[SourceQuality "1"]

{[%evp 22,99,30,18,23,27,27,20,24,12,11,14,13,13,12,9,5,14,21,12,26,16,20,20,34,28,43,57,51,41,135,136,131,126,126,122,145,131,165,150,131,125,124,126,222,206,286,318,278,294,276,279,350,333,401,411,467,414,529,479,540,538,475,334,315,312,504,481,457,415,762,752,737,648,1406,1244,1204,906,5310,3999]} 1. d4 Nf6 2. c4 e6 3. Nc3 Bb4 4. Nf3 d5 5. Bg5 h6 6. Bxf6 Qxf6 7. Qa4+ Nc6 8. e3 O-O {D38: Queen's Gambit Declined: Ragozin Defence (4 Nf3 Bb4)} 9. Rc1 Qg6 (9... Rd8 10. a3 Bxc3+ 11. Rxc3 e5 12. cxd5 exd4 13. Rc5 Bg4 14. Nxd4 Nxd4 15. Qxd4 Qxd4 16. exd4 {½-½ (30) Ding,L (2759)-Harikrishna,P (2758) Shenzhen 2017}) 10. Qc2 Qxc2 11. Rxc2 dxc4 12. Bxc4 {LiveBook: 3 Games} Bd7 13. Ke2 $146 (13. a3 Be7 14. O-O Rfc8 15. Rd1 Be8 16. Ba2 {0-1 (60) Engqvist,T (2340)-Bengtsson,B (2300) Sweden 1999}) 13... Bd6 14. Rd1 Rfd8 15. Ne4 Ne7 16. Rdc1 Bc6 17. Nfd2 e5 18. Nxd6 cxd6 19. dxe5 dxe5 20. f3 Bd5 (20... Kf8 $5 {is more complex.} 21. Bd3 Rac8 22. Nb3 Be8 23. Nc5 b6) 21. a3 Bxc4+ 22. Nxc4 Nc6 23. b4 {[%cal Bb2b4,Bb4b5][%mdl 32]} Rd5 24. Rd1 Rxd1 25. Kxd1 $14 {[%mdl 4096] Endgame KRN-KRN} Rd8+ (25... a6 $14) 26. Rd2 $16 f6 27. b5 Rxd2+ 28. Kxd2 {KN-KN} ({Much worse is} 28. Nxd2 $6 Nd8 $11) 28... Nd8 29. Nd6 Kf8 30. Kc3 Ke7 31. Nf5+ Kf7 32. Kc4 h5 (32... g6 $16) 33. Kd5 $18 g6 34. Nd6+ Ke7 35. Nc8+ Kd7 36. Nxa7 Nf7 37. a4 {[%cal Ba3a4,Ba4a5,Ba5a6,Ba6b7][%mdl 32]} Nd6 38. e4 Nf7 39. a5 Nd8 40. a6 Ne6 41. axb7 Nf4+ 42. Kc4 Kc7 43. g3 Ne2 $2 {[#]} (43... Ng2 44. Nc6 Kxb7) 44. Kd3 Ng1 45. Ke3 g5 (45... Kxb7 $142 46. Nc6 Kb6) 46. Nc6 {White is clearly winning.} Kxb7 47. Ne7 g4 48. fxg4 hxg4 49. Nd5 Nf3 50. h4 1-0

[Event "32nd Reykjavik Open 2017"]
[Site "Reykjavik"]
[Date "2017.04.23"]
[Round "6"]
[White "Landa, Konstantin"]
[Black "Thorfinnsson, Bragi"]
[Result "1-0"]
[WhiteElo "2611"]
[BlackElo "2457"]
[Annotator "TA"]
[PlyCount "127"]
[EventDate "2017.??.??"]
[EventType "swiss"]
[EventCountry "ISL"]
[SourceTitle "playchess.com"]
[Source "ChessBase"]
[SourceQuality "1"]

{[%evp 18,127,29,6,14,16,23,0,30,22,32,24,55,43,69,66,102,91,98,97,87,108,118,90,100,90,108,84,91,49,145,152,199,98,111,82,96,96,110,109,119,0,0,0,0,0,91,84,90,83,83,93,104,104,104,111,104,104,110,60,110,104,112,94,104,104,130,123,311,306,327,322,304,264,371,371,371,347,371,371,371,303,367,358,368,335,375,391,366,290,356,250,312,217,545,518,464,304,319,242,304,229,663,662,643,612,29986,29987,29990,29991,29991,29992]} 1. Nf3 d5 2. g3 g6 3. Bg2 Bg7 4. d4 Nf6 5. O-O O-O 6. Nbd2 c6 7. b3 a5 8. a4 {D02: 1 d4 d5 2 Nf3 sidelines, including 2...Nf6 3 g3 and 2...Nf6 3 Bf4} (8. c4 a4 9. Ba3 Re8 10. e3 Bf5 11. Qe2 Qa5 12. b4 Qa6 13. b5 cxb5 14. cxb5 Qa5 15. Rfc1 Nbd7 16. Nh4 {0-1 (39) Blomqvist,E (2567)-Khalifman,A (2617) Puhajarve 2016}) 8... Na6 9. Bb2 Bf5 10. Nh4 {LiveBook: 3 Games. White has an edge.} Be6 11. e3 {[%cal Be2e3,Be3d4][%mdl 32]} Rc8 $146 (11... Qd7 12. Nhf3 Bh3 13. Ne5 Qf5 14. Bc3 Bxg2 15. Kxg2 {0-1 (52) Benkovic,P (2418)-Lalic,B (2503) Neum 2005}) 12. Qe2 c5 13. c3 Ne8 14. Nhf3 Bf5 15. Ne5 cxd4 16. exd4 Nec7 17. g4 Be6 18. f4 f6 19. Nd3 Qd7 20. h3 Bf7 21. Rf3 {[%cal Bf1f3,Bf3e3,Be3e5][%mdl 32]} Rfe8 22. Re3 b6 23. Re1 {[%cal Re3e7]} e6 (23... b5 $1 $14) 24. g5 f5 25. Ne5 (25. Nf3 $18 {has better winning chances.}) 25... Bxe5 $16 26. Rxe5 b5 27. axb5 Nxb5 28. c4 Nbc7 29. cxd5 ({Better is} 29. Nf3 $16) 29... exd5 $11 30. Nf3 Nb4 31. Rxe8+ Rxe8 (31... Qxe8 $11 {keeps the balance.} 32. Ne5 Nb5) 32. Ne5 $36 {[%mdl 2048] White is in control.} Qd6 33. Rc1 Ne6 34. Qd2 Ra8 35. Kh2 Be8 36. Ba3 Rb8 37. h4 Rd8 38. Nd3 Rb8 (38... Nxd4 $2 39. Bxb4 (39. Nxb4 axb4 40. Bxb4 Nxb3 41. Bxd6 Nxd2 42. Bxd5+ Bf7 43. Bxf7+ Kxf7 44. Rc7+ Ke6 $11) 39... axb4 40. Nc5 Nxb3 41. Nxb3 $18) 39. Kg3 Bf7 40. Qe3 Rd8 41. Ne5 {[#] Strongly threatening Bxb4.} Be8 42. Bf3 Nc7 $2 (42... Rb8 $16 43. Nd3 Bf7) 43. Rc5 $18 Nba6 44. Rxa5 Qb6 45. Be7 Rb8 (45... Qxa5 {might work better.} 46. Bxd8 Qb4) 46. Ra3 Qe6 47. Bc5 (47. Bf6 Rb6 48. Ra5 Rb8 $18) 47... h5 48. Ra5 Bb5 49. Qc3 Kg7 50. b4 Rb7 51. Ra1 {[%cal Ba5a1,Ba1e1,Be1e5][%mdl 32]} Rb8 52. Re1 {Threatens to win with Ng4.} Re8 53. Nd3 Qc8 {Threatening ...Bxd3.} 54. Re5 Bc4 55. Be7 Ne6 $2 (55... Kf7 {is more resistant.} 56. Bc5 Nb5) 56. Bf6+ ({Not} 56. Bxd5 Bxd5 57. Qxc8 Rxc8 $11) 56... Kf7 57. Nc5 {Black must now prevent Nxe6.} ({Less strong is} 57. Bxd5 Bxd5 58. Qxc8 Rxc8 $14) (57. b5 Bxb5 58. Qxc8 Rxc8 $18) 57... Nac7 58. Qe3 Qa8 59. Bd1 {And now Ba4 would win.} Nxc5 $2 (59... Qc6 60. Ba4 Bb5) 60. Re7+ Kf8 61. bxc5 Qc6 62. Qe5 {White mates.} Ne6 63. Rxe8+ Qxe8 {[#]} 64. Ba4 $1 {[%mdl 512]} 1-0